Statistics for All Countries with a City Over One Million People

Click here to take the quiz!

General Stats

  • This quiz has been taken 484 times
    (466 since last reset)
  • The average score is 110 of 124

Answer Stats

#Country% Correct
105China
99%
54India
99%
54United States
99%
20Brazil
98%
10United Kingdom
98%
14Japan
97%
15Mexico
97%
4Argentina
96%
15Indonesia
96%
1Niger
96%
16Russia
96%
5Australia
95%
6Canada
95%
2Egypt
95%
5France
95%
10Germany
95%
9Pakistan
95%
4South Africa
95%
5Spain
95%
2Algeria
94%
2Chile
94%
6Colombia
94%
4Italy
94%
10Nigeria
94%
7South Korea
94%
1Sweden
94%
9Turkey
94%
1Finland
93%
7Iran
93%
5Iraq
93%
1New Zealand
93%
1Peru
93%
2Poland
93%
5Saudi Arabia
93%
3DR Congo
92%
1Greece
92%
2Kenya
92%
5Morocco
92%
1Norway
92%
2Portugal
92%
5Venezuela
92%
2Vietnam
92%
1Austria
91%
2Belgium
91%
1Cuba
91%
1North Korea
91%
1Sudan
91%
5Ukraine
91%
1Ethiopia
90%
1Ireland
90%
1Israel
90%
1Kazakhstan
90%
1Libya
90%
2Netherlands
90%
1Romania
90%
2Thailand
90%
1Afghanistan
89%
1Cambodia
89%
1Denmark
89%
1Guatemala
89%
2Malaysia
89%
1Oman
89%
1Panama
89%
1Uzbekistan
89%
1Yemen
89%
1Paraguay
88%
1Senegal
88%
1Switzerland
88%
1Tanzania
88%
2United Arab Emirates
88%
1Angola
87%
2Bangladesh
87%
3Bolivia
87%
1Dominican Republic
87%
2Ghana
87%
2Honduras
87%
1Hungary
87%
1Mali
87%
4Philippines
87%
1Qatar
87%
1Serbia
87%
1Singapore
87%
1Somalia
87%
1Bulgaria
86%
1Chad
86%
1Czech Republic
86%
2Ecuador
86%
1Nicaragua
86%
2Syria
86%
4Taiwan
86%
2Tunisia
86%
1Belarus
85%
1Haiti
85%
1Jordan
85%
1Mozambique
85%
2Myanmar
85%
1Zimbabwe
85%
2Cameroon
84%
1El Salvador
84%
1Lebanon
84%
1Madagascar
84%
1Mongolia
84%
1Nepal
84%
1Zambia
84%
1Armenia
83%
1Azerbaijan
83%
1Costa Rica
83%
1Turkmenistan
83%
1Uganda
83%
1Côte d'Ivoire
82%
1Georgia
82%
1Guinea
82%
1Kuwait
82%
1Rwanda
81%
1Sri Lanka
80%
1Central African Republic
79%
1Benin
78%
1Togo
78%
1Mauritania
77%
1Bahrain
76%
1Liberia
76%
1Burkina Faso
74%
1Sierra Leone
74%
1Malawi
71%

Score Distribution

Percentile by Number Answered

Percent of People with Each Score

Your Score History

You have not taken this quiz since the last reset